00290nam a22000977a 450000500170000002000180001708200210003524500690005626000480012530000190017320250918144221.0 a9783031469497 a306.209 54 PUR/S aSocial movements,b media and civil society in contemporay India a. - Palgraave Mcmillanb: Singaporec, 2024 axiii+203 pages